| 000 | 02357nam a2200301Ia 4500 | ||
|---|---|---|---|
| 005 | 20210202125534.0 | ||
| 008 | 130821r1552 fr frd 1 latsd | ||
| 040 |
_aCo-BoUCM _bspa _cSandra Yazo _dSandra Yazo |
||
| 041 | 0 | _alat | |
| 082 | 0 | 4 |
_a291.2 _220 |
| 092 | _aE07N045 | ||
| 100 | 1 |
_aMazzolini, Silvestro _d1456?-1527? _961424 |
|
| 240 | _aSumma Silvestrina | ||
| 242 | 0 | 0 |
_aSumas Silvestrinas, merecidamente conocidas como Suma de Sumas. _bParte primera. _cPor el reverendo padre Silvestre de Prierio. _pSumas Silvestrinas, devueltas a su claridad original, parte segunda. _yspa |
| 245 | 1 | 0 |
_aSylvestrinae Summae, quae Summa Summarum meritò nuncupatur. _bPars Prima _cAb reuerendo patre Sylvestro Prierate ... _pSylvestrinae Summae, nitori suo restitutae, Pars Secunda. |
| 260 |
_aLugduni [Lyon] (Francia) _bApud Haeredes Iacobi Iuntae [En los talleres de los herederos de Jacobo Junta] _c1552 |
||
| 300 |
_a2 tomos en 1 volumen ([4], 515, [1] ; 542, [3] páginas) _c25 x 18 cm. |
||
| 500 | _aDetalles físicos: Encuadernación rígida en madera forrada en cuero, lomo con nervaduras sobre costuras. Tapas repujadas, conserva parte de los herrajes metálicos, raspaduras y desgaste. Conserva parcialmente las guardas, rotas. Portadas impresas en una sola tinta con la marca tipográfica de los editores y varias anotaciones manuscritas, algunas de ellas tachadas. Dedicatoria. Texto impreso en dos columnas con varios tipos y tamaños de letra, muy densas. Mayúsculas capitales. Al inicio de cada artículo sumarios, párrafos numerados. Signaturas y reclamos. Índice al final de cada parte. Papel con mancha de humedad notoria al final. Cortes de una de las obras pintados, marca de tinta en el corte vertical. Empieza a desencuadernarse | ||
| 505 | 0 | _aV.1: ABBAS [Abad] – HUMILITAS [Humildad] -- V.2: IACTANTIA [Jactancia] – ZELUS [Celo]. | |
| 506 | _aConsulta en sala. | ||
| 520 | _aEstudio, explicación y desarrollo de varios temas jurídicos, pertenecientes la a teología moral, al derecho civil y al derecho eclesiástico. | ||
| 546 | _aTexto en latín. | ||
| 650 | 7 |
_aDerecho canónico _xObras anteriores a 1800 _929726 |
|
| 650 | 7 |
_aDerecho civil _xObras anteriores a 1800 _929560 |
|
| 650 | 0 |
_a Teología moral _941481 _xObras anteriores a 1800 |
|
| 690 |
_aTeología _925230 |
||
| 942 |
_cLIBRO _a8 _e1 _2LOCAL _hE07N045 |
||
| 999 |
_c70830 _d70830 |
||